1465 1714 1964 1295 1531 1303 1104 1504 1216 1947 1586 1046 1951 1914 1301 1500 1960 1251 1953 1152 1275 1734 1520 1604 1943 1140 1291 1455 1163 1297 1176 1232 1012 1059 1030 1448 1666 1687 1420 1924 1842 1891 1249 1374 1716 1879 1470 1026 1594 1447 1297 1931 1076 1150 1908 1859 1136 1882 1095 1800 1929 1702 1788 1882 1815 1005 1222 1075 1552 1795 1299 1208 1402 1822 1345 1307 1299 1673 1739 1468 1882 1665 1408 1403 1967 1419 1850 1701 1717 1749 1144 1336 1066 1529 1563 1357 1470 1548 1764 BCNSPRNW ULIB Ver.6.0+V

เปลี่ยนเป็นภาษาไทย

Change to English
 แสดงรายละเอียดบรรณานุกรม
  กลับหน้าหลัก

Brief Record : Get Marc (ISO 2709) : E-mail record : QR code < ปิดหน้าต่าง
LEADER : 00000nam 2200000uu 4500
001    13399124987
003     ULIB
008    160527s2558||||th 000 0 tha d
020    ^a9786169120520
060  4 ^aWQ200^bว634น
100 0  ^aวิบูลย์ เรืองชัยนิคม
245 10 ^aแนวทางปฏิบัติอย่างปลอดภัยในเวชศาสตร์มารดาและทารกในครรภ์ =^bSafe Practice in Maternal and Fetal Medicine./^cบรรณาธิการ,วิบูลย์ เรืองชัยนิคมและคนอื่นๆ.
250    ^aพิมพ์ครั้งที่ 1
260    ^aกรุงเทพฯ :^bสมาคมเวชศาสตร์มารดาและทารกในครรภ์ (ไทย),^c2558.
300    ^a(ก-ญ),150หน้า :^bภาพประกอบ ; 29 ซม.
650  7 ^aทารกในครรภ์^xการตรวจวินิจฉัย
650  7 ^aมารดาทารก^xการดูแล
650  7 ^aเวชศาสตร์มารดาทารก
700 0  ^aบุญศรี จันทร์รัชชกูล
700 0  ^aปัทมา พรหมสนธิ
700 0  ^aต้องตา นันทโกมล
700 0  ^aมาลี เกื้อนพกุล
945    ^p360^l0^i23695
945    ^p360^l0^i23696
945    ^p360^l0^i23697
999    ^aทศพร เกษรทอง
รายการนี้ยังไม่มีแท็ก
คุณยังไม่ได้ล็อกอิน คุณสามารถมีกิจกรรมร่วมกับเว็บไซต์ได้ แต่ต้องล็อกอินก่อน ::
  ล็อกอิน

รายการสื่อสารสนเทศ

ลำดับที่ ประเภท เลขเรียก/บาร์โค้ด สถานที่ สถานะ
1. วิทยาศาสตร์การแพทย์ และสุขภาพ
วิทยาศาสตร์การแพทย์ และสุขภาพ
สถานะ=หนังสือเก่า
WQ200 ว634น ฉ.1 
  Barcode: 23695
ห้องสมุดวิทยาเขตนครสวรรค์
►ส่วนจัดเก็บหนังสือเก่า นว.
บนชั้น
  ขอยืม
2. วิทยาศาสตร์การแพทย์ และสุขภาพ
วิทยาศาสตร์การแพทย์ และสุขภาพ
สถานะ=หนังสือเก่า
WQ200 ว634น ฉ.2 
  Barcode: 23696
ห้องสมุดวิทยาเขตนครสวรรค์
►ส่วนจัดเก็บหนังสือเก่า นว.
บนชั้น
  ขอยืม
3. วิทยาศาสตร์การแพทย์ และสุขภาพ
วิทยาศาสตร์การแพทย์ และสุขภาพ
สถานะ=หนังสือเก่า
WQ200 ว634น ฉ.3 
  Barcode: 23697
ห้องสมุดวิทยาเขตนครสวรรค์
►ส่วนจัดเก็บหนังสือเก่า นว.
บนชั้น
  ขอยืม

รายการใกล้เคียง
    ผู้แต่ง [วิบูลย์ เรืองชัยนิคม]

    หัวเรื่อง [เวชศาสตร์มารดาทารก]

BibComment


ยังไม่เคยถูกคอมเมนท์

คอมเมนท์ทรัพยากรรายการนี้
  คอมเมนท์: แนวทางปฏิบัติอย่..


 Copyright 2026. Bcnsprnw @Library